[Event "Wch Juvenil 2013 sub-14"]
[Site "Al-Ain UAE"]
[Date "2013.12.27"]
[Round "10.46"]
[White "Ait Abbas, Yacine"]
[Black "Pigeat, Alexandre"]
[Result "0-1"]
[WhiteElo "1771"]
[BlackElo "2002"]
[PlyCount "63"]
[EventDate "2013.12.19"]
[EventType "swiss"]
[EventRounds "11"]
[EventCountry "UAE"]
[Source "lmi"]
[SourceDate "2013.12.19"]

1. c4 g6 2. Nc3 Bg7 3. g3 c5 4. Bg2 Nc6 5. e4 e6 6. Nge2 Nge7 7. d3 d6 8. O-O
O-O 9. Be3 Nd4 10. Qd2 Nec6 11. h3 Rb8 12. Kh2 b5 13. cxb5 Nxb5 14. Nxb5 Rxb5
15. Rab1 Qb6 16. b3 Ba6 17. Rfd1 Rb4 18. Qe1 Qb8 19. Bc1 Ne5 20. Ba3 Nxd3 21.
Qd2 Rb6 22. f4 Rd8 23. Nc3 Nf2 24. Rdc1 Bd4 25. Na4 Bd3 26. Nxb6 Bxb1 27. Rxb1
Qxb6 28. Bb2 d5 29. Bxd4 Nxe4 30. Bxc5 Nxc5 31. Rc1 Ne4 32. Qe2 0-1

[Event "Wch Juvenil 2013 sub-14"]
[Site "Al-Ain UAE"]
[Date "2013.12.27"]
[Round "10.47"]
[White "Akhgari, Reza"]
[Black "Absaridze, Gigi"]
[Result "1/2-1/2"]
[WhiteElo "2000"]
[BlackElo "1726"]
[PlyCount "62"]
[EventDate "2013.12.19"]
[EventType "swiss"]
[EventRounds "11"]
[EventCountry "UAE"]
[Source "lmi"]
[SourceDate "2013.12.19"]

1. d4 d5 2. c4 c6 3. cxd5 cxd5 4. Nf3 Nf6 5. Nc3 Nc6 6. Bf4 e6 7. e3 a6 8. Bd3
Be7 9. h3 O-O 10. O-O b5 11. Rc1 Bb7 12. Ne5 Rc8 13. Bh2 Na5 14. b3 Nc6 15. f4
Ba3 16. Nxc6 Rxc6 17. Rc2 Bb4 18. Nb1 Qe7 19. Rxc6 Bxc6 20. Rf2 Bb7 21. Rc2 Rc8
22. Rxc8+ Bxc8 23. Qc1 Qd7 24. Bg3 Bb7 25. Kf1 Qc8 26. Qxc8+ Bxc8 27. Be1 Bd6
28. a3 Bd7 29. Bb4 Bc7 30. Nc3 Bc6 31. Na2 Ne4 1/2-1/2

[Event "Wch Juvenil 2013 sub-14"]
[Site "Al-Ain UAE"]
[Date "2013.12.27"]
[Round "10.48"]
[White "Liao, Jo-Kai"]
[Black "Bunyatov, Rustam Faiq"]
[Result "0-1"]
[WhiteElo "1571"]
[BlackElo "1965"]
[PlyCount "136"]
[EventDate "2013.12.19"]
[EventType "swiss"]
[EventRounds "11"]
[EventCountry "UAE"]
[Source "lmi"]
[SourceDate "2013.12.19"]

1. e4 Nf6 2. e5 Nd5 3. d4 d6 4. c4 Nb6 5. exd6 cxd6 6. Be3 g6 7. Nc3 Bg7 8. Rc1
O-O 9. Nf3 Bg4 10. h3 Bxf3 11. Qxf3 Nc6 12. Qd1 f5 13. g3 Kh8 14. Be2 e5 15.
dxe5 dxe5 16. Qxd8 Rfxd8 17. O-O Nd4 18. b3 Re8 19. Rfd1 Rad8 20. Kg2 h6 21.
Rd2 Nxe2 22. Rxe2 Nc8 23. Rcc2 g5 24. Nd5 b6 25. Bc1 e4 26. Bb2 Bxb2 27. Rxb2
Ne7 28. Nxe7 Rxe7 29. Kf1 Red7 30. g4 fxg4 31. hxg4 Rd4 32. Re3 Rf8 33. Rbe2
Rf4 34. Rg3 Kg7 35. Rc2 Kf6 36. c5 bxc5 37. Rxc5 Rd2 38. Rc6+ Ke5 39. Rg2 e3
40. Rc8 Rfxf2+ 41. Rxf2 Rxf2+ 42. Ke1 Rxa2 43. Rc4 Rd2 44. Ra4 Rb2 45. Rxa7
Rxb3 46. Ke2 Rb4 47. Kxe3 Rxg4 48. Ra5+ Kf6 49. Kf3 Rf4+ 50. Kg3 Kg6 51. Rb5 h5
52. Rb6+ Rf6 53. Rb4 Ra6 54. Rb3 h4+ 55. Kh3 Kh5 56. Rb5 Rf6 57. Ra5 Re6 58.
Rb5 Re3+ 59. Kh2 h3 60. Rb4 g4 61. Rb8 Re2+ 62. Kh1 Kh4 63. Rb4 Kg3 64. Rb3+
Kf4 65. Rb8 Kg3 66. Rb3+ Kf2 67. Rc3 g3 68. Rc2 g2+ 0-1

[Event "Wch Juvenil 2013 sub-14"]
[Site "Al-Ain UAE"]
[Date "2013.12.27"]
[Round "10.49"]
[White "Kenenbaev, Aidar"]
[Black "Zayan, Mohamed"]
[Result "0-1"]
[WhiteElo "1680"]
[BlackElo "1939"]
[PlyCount "106"]
[EventDate "2013.12.19"]
[EventType "swiss"]
[EventRounds "11"]
[EventCountry "UAE"]
[Source "lmi"]
[SourceDate "2013.12.19"]

1. Nf3 Nf6 2. g3 g6 3. Bg2 Bg7 4. O-O d5 5. d3 O-O 6. Nbd2 c5 7. e4 Nc6 8. h3
h6 9. Re1 b6 10. Qe2 Kh7 11. exd5 Nxd5 12. Nc4 Bb7 13. Nce5 Rc8 14. Nxc6 Rxc6
15. h4 Re6 16. Qd1 Rxe1+ 17. Qxe1 Qa8 18. Nh2 Nb4 19. Bxb7 Qxb7 20. Qe2 Qd5 21.
a3 Nc6 22. Nf3 Rd8 23. Nd2 Nd4 24. Qd1 Rd6 25. Ne4 Re6 26. c3 f5 27. cxd4 fxe4
28. dxe4 Rxe4 29. Bf4 Bxd4 30. Qd2 Qe6 31. Rf1 Re2 32. Qd3 Rxb2 33. h5 Kg7 34.
hxg6 Rxf2 35. Rxf2 Qe1+ 36. Qf1 Bxf2+ 37. Kg2 Qxf1+ 38. Kxf1 Bd4 39. Bb8 a6 40.
Bc7 b5 41. Bd8 e5 42. Ke2 e4 43. Bb6 Kxg6 44. Ba5 Kf5 45. Kf1 Kg4 46. Kg2 e3
47. Be1 e2 48. Bd2 c4 49. a4 c3 50. Be1 c2 51. a5 c1=Q 52. Bf2 Qf1+ 53. Kh2
Qh3+ 0-1

[Event "Wch Juvenil 2013 sub-14"]
[Site "Al-Ain UAE"]
[Date "2013.12.27"]
[Round "10.50"]
[White "Virtanen, Teemu"]
[Black "Sadubayev, Airat"]
[Result "1-0"]
[WhiteElo "1936"]
[BlackElo "1706"]
[PlyCount "91"]
[EventDate "2013.12.19"]
[EventType "swiss"]
[EventRounds "11"]
[EventCountry "UAE"]
[Source "lmi"]
[SourceDate "2013.12.19"]

1. e4 c5 2. b3 Nc6 3. Bb2 e6 4. Bb5 Qc7 5. Ne2 a6 6. Bxc6 Qxc6 7. Nbc3 d6 8.
O-O Nf6 9. d3 Be7 10. f4 b5 11. Qe1 Bb7 12. f5 O-O 13. Qg3 c4 14. bxc4 bxc4 15.
Kh1 Kh8 16. Qh3 e5 17. Rab1 Rab8 18. Ba3 Ba8 19. Qe3 Qc7 20. d4 exd4 21. Qxd4
Rfe8 22. Nf4 Rxb1 23. Rxb1 Qa5 24. Bb4 Qc7 25. Ncd5 Nxd5 26. Nxd5 Bxd5 27. Qxd5
Kg8 28. Ba5 Rb8 29. Rd1 Qc8 30. Bc3 Rb5 31. Qd4 f6 32. a4 Rb7 33. Qd5+ Kh8 34.
g4 h6 35. Rg1 Rd7 36. g5 Qb7 37. gxh6 Qxd5 38. hxg7+ Kg8 39. exd5 Bd8 40. Bb4
Bc7 41. Rg6 Rf7 42. h4 a5 43. Bc3 Rxg7 44. Bxf6 Rxg6 45. fxg6 Bb6 46. Kg2 1-0

[Event "Wch Juvenil 2013 sub-14"]
[Site "Al-Ain UAE"]
[Date "2013.12.27"]
[Round "10.51"]
[White "Le, Minh Hoang"]
[Black "Mohamed, Marshool"]
[Result "1-0"]
[WhiteElo "1927"]
[BlackElo "1557"]
[PlyCount "95"]
[EventDate "2013.12.19"]
[EventType "swiss"]
[EventRounds "11"]
[EventCountry "UAE"]
[Source "lmi"]
[SourceDate "2013.12.19"]

1. d4 Nf6 2. Nf3 d6 3. Bf4 Nbd7 4. e3 c6 5. Be2 Qc7 6. h3 e5 7. Bh2 Be7 8. Nbd2
O-O 9. O-O Re8 10. c4 Bf8 11. c5 dxc5 12. dxe5 Nd5 13. e6 Bd6 14. Bxd6 Qxd6 15.
exd7 Bxd7 16. a3 Re6 17. Qc2 b5 18. Ne4 Qe7 19. Nxc5 Rh6 20. Nxd7 Qxd7 21. Rad1
Qb7 22. Nd4 Re8 23. Bf3 Re5 24. Bxd5 cxd5 25. Rc1 Re8 26. Qc7 Qa6 27. Qd7 Rf8
28. Rc6 Rxc6 29. Qxc6 Qa5 30. Qxd5 Qd2 31. Nf5 Qc2 32. Qxb5 a6 33. Ne7+ Kh8 34.
Qxa6 Qxb2 35. a4 Qe5 36. Nc6 Qe6 37. Qb7 Rc8 38. Qxc8+ Qxc8 39. Rd1 g5 40. Rd8+
Qxd8 41. Nxd8 Kg7 42. Nxf7 Kxf7 43. a5 Ke6 44. a6 h5 45. a7 g4 46. h4 g3 47.
a8=Q gxf2+ 48. Kxf2 1-0

[Event "Wch Juvenil 2013 sub-14"]
[Site "Al-Ain UAE"]
[Date "2013.12.27"]
[Round "10.55"]
[White "Fernandez, Michael"]
[Black "Tavzarashvili, Giorgi"]
[Result "0-1"]
[WhiteElo "1975"]
[BlackElo "1692"]
[PlyCount "102"]
[EventDate "2013.12.19"]
[EventType "swiss"]
[EventRounds "11"]
[EventCountry "UAE"]
[Source "lmi"]
[SourceDate "2013.12.19"]

1. e4 c5 2. Nf3 e6 3. d4 cxd4 4. Nxd4 a6 5. c4 Nf6 6. Nc3 Bb4 7. Bd3 Nc6 8.
Nxc6 dxc6 9. Qc2 e5 10. O-O O-O 11. a3 Bc5 12. Bg5 Qe7 13. b4 Bd4 14. Rad1 a5
15. Ne2 axb4 16. axb4 c5 17. Nxd4 cxd4 18. c5 h6 19. Bd2 Be6 20. Ra1 Nd7 21. f4
f6 22. f5 Bf7 23. Ra4 Rac8 24. Ra7 Rc7 25. Qa4 Rfc8 26. Rc1 Nf8 27. Ra1 g6 28.
g4 h5 29. Qd1 Kh8 30. Kf2 hxg4 31. Qxg4 gxf5 32. Qh3+ Nh7 33. Qxf5 Be6 34. Qh5
Rg8 35. Ra8 Rcc8 36. Rxc8 Bxc8 37. Bh6 Bg4 38. Qh4 Qe6 39. Rg1 Qa2+ 40. Ke1
Qa1+ 41. Kf2 Qb2+ 42. Ke1 Ra8 43. Bg7+ Kxg7 44. Rxg4+ Kh8 45. Be2 d3 46. Bd1
Ra1 47. Rg8+ Kxg8 48. Qg4+ Ng5 49. Qc8+ Kg7 50. Qd7+ Kh6 51. Qg4 Qxh2 0-1

[Event "Wch Juvenil 2013 sub-14"]
[Site "Al-Ain UAE"]
[Date "2013.12.27"]
[Round "10.56"]
[White "Yasser, Mark"]
[Black "Catur, Adi Sagita"]
[Result "0-1"]
[WhiteElo "1750"]
[BlackElo "1879"]
[PlyCount "114"]
[EventDate "2013.12.19"]
[EventType "swiss"]
[EventRounds "11"]
[EventCountry "UAE"]
[Source "lmi"]
[SourceDate "2013.12.19"]

1. d4 Nf6 2. c4 e6 3. Nf3 b6 4. Bg5 Be7 5. e3 Bb7 6. Bd3 h6 7. Bh4 d5 8. cxd5
Nxd5 9. Bxe7 Qxe7 10. Nc3 Nxc3 11. bxc3 Nd7 12. O-O O-O 13. Nd2 e5 14. Be2 c5
15. Bf3 Bxf3 16. Nxf3 exd4 17. cxd4 Rfd8 18. Qe2 Rac8 19. Rac1 Nf8 20. Rfd1
cxd4 21. Rxc8 Rxc8 22. Nxd4 Qa3 23. g3 Rc1 24. Rxc1 Qxc1+ 25. Kg2 Ne6 26. Qb5
Qc8 27. Nf5 Qa8+ 28. Kg1 Kh7 29. Nd6 Qf3 30. Qd3+ g6 31. h4 a6 32. Ne8 Qc6 33.
Nf6+ Kg7 34. Ng4 h5 35. Ne5 Qc7 36. Nf3 b5 37. Nd4 Qe5 38. Nxe6+ Qxe6 39. Qc3+
Kh7 40. Qa5 Qc6 41. a3 Qd6 42. Kg2 Qc6+ 43. Kg1 Kg7 44. Kf1 Kf6 45. Ke2 Kf5 46.
Kd2 Qd5+ 47. Ke2 Qc6 48. Kd2 Qd6+ 49. Ke2 Qe6 50. Kf3 Qe4+ 51. Ke2 Qc4+ 52. Kf3
Qc6+ 53. Ke2 Kg4 54. Ke1 Kf3 55. Qd2 Qc4 56. Qd1+ Kg2 57. Qd2 Qf1# 0-1

[Event "Wch Juvenil 2013 sub-14"]
[Site "Al-Ain UAE"]
[Date "2013.12.27"]
[Round "10.57"]
[White "Noori, Sabah Nori"]
[Black "Kovalevsky, Stanislav"]
[Result "0-1"]
[WhiteElo "1742"]
[BlackElo "1856"]
[PlyCount "48"]
[EventDate "2013.12.19"]
[EventType "swiss"]
[EventRounds "11"]
[EventCountry "UAE"]
[Source "lmi"]
[SourceDate "2013.12.19"]

1. d4 Nf6 2. Nf3 c5 3. e3 d5 4. c3 e6 5. Bd3 Nc6 6. Nbd2 Bd6 7. O-O O-O 8. Qe2
cxd4 9. exd4 Re8 10. Ne5 Bxe5 11. dxe5 Nd7 12. f4 Nc5 13. Bb1 a5 14. Nf3 b6 15.
Nd4 Nxd4 16. cxd4 Ba6 17. Qf2 Bxf1 18. Kxf1 Ne4 19. Qe3 Qh4 20. Kg1 Rac8 21.
Bxe4 dxe4 22. Qxe4 Rc2 23. Be3 Re2 24. Qf3 Re1+ 0-1

[Event "Wch Juvenil 2013 sub-14"]
[Site "Al-Ain UAE"]
[Date "2013.12.27"]
[Round "10.58"]
[White "Bennett, Owen"]
[Black "Dolinar, Jan"]
[Result "0-1"]
[WhiteElo "1695"]
[BlackElo "1828"]
[PlyCount "42"]
[EventDate "2013.12.19"]
[EventType "swiss"]
[EventRounds "11"]
[EventCountry "UAE"]
[Source "lmi"]
[SourceDate "2013.12.19"]

1. d4 Nf6 2. c4 c5 3. d5 b5 4. cxb5 a6 5. bxa6 Bxa6 6. Nc3 d6 7. e4 Bxf1 8.
Kxf1 g6 9. Nf3 Bg7 10. g3 Nbd7 11. Kg2 O-O 12. a4 Qa5 13. Bd2 Qa6 14. Qc2 Rfb8
15. Rhe1 Ne8 16. h4 Nc7 17. Nh2 Nb6 18. b3 c4 19. a5 cxb3 20. axb6 bxc2 21.
bxc7 Qd3 0-1

[Event "Wch Juvenil 2013 sub-14"]
[Site "Al-Ain UAE"]
[Date "2013.12.27"]
[Round "10.59"]
[White "Ahmed, Qutayba Yunis"]
[Black "Higgs, Joshua"]
[Result "0-1"]
[WhiteElo "1663"]
[BlackElo "1824"]
[PlyCount "65"]
[EventDate "2013.12.19"]
[EventType "swiss"]
[EventRounds "11"]
[EventCountry "UAE"]
[Source "lmi"]
[SourceDate "2013.12.19"]

1. e4 e5 2. Nf3 Nc6 3. Bc4 Bc5 4. c3 Nf6 5. d4 exd4 6. cxd4 Bb4+ 7. Bd2 Nxe4 8.
Bxb4 Nxb4 9. Bxf7+ Kxf7 10. Qb3+ Kf8 11. Qxb4+ Qe7 12. Qxe7+ Kxe7 13. Nc3 Nxc3
14. bxc3 Re8 15. Kd2 Kf8 16. Rhe1 Rxe1 17. Rxe1 d6 18. Ng5 h6 19. Ne6+ Bxe6 20.
Rxe6 Re8 21. Rxe8+ Kxe8 22. f4 Kd7 23. g4 Ke6 24. c4 d5 25. c5 b6 26. cxb6 cxb6
27. h4 h5 28. f5+ Kf6 29. gxh5 Kxf5 30. Kd3 Kf4 31. a4 a6 32. Kd2 Ke4 33. Kc3
0-1

[Event "Wch Juvenil 2013 sub-14"]
[Site "Al-Ain UAE"]
[Date "2013.12.27"]
[Round "10.60"]
[White "Tello Chavez, Isaac Valent"]
[Black "Ho, Jei-Chen"]
[Result "1-0"]
[WhiteElo "1823"]
[BlackElo "1694"]
[PlyCount "53"]
[EventDate "2013.12.19"]
[EventType "swiss"]
[EventRounds "11"]
[EventCountry "UAE"]
[Source "lmi"]
[SourceDate "2013.12.19"]

1. d4 Nf6 2. Nf3 e6 3. Bf4 c5 4. e3 Nc6 5. c3 Be7 6. Bd3 O-O 7. h3 b6 8. Nbd2
Bb7 9. O-O d6 10. Qe2 Rc8 11. a3 Rc7 12. e4 Qa8 13. Nc4 Rd8 14. Bxd6 Bxd6 15.
Nxd6 Rxd6 16. e5 Rd8 17. exf6 gxf6 18. Qe4 f5 19. Qh4 Rcd7 20. Ng5 cxd4 21.
Qxh7+ Kf8 22. Bxf5 Ne5 23. Rfe1 Ke7 24. Nxf7 Nxf7 25. Rxe6+ Kf8 26. Rg6 Rd6 27.
Qg7+ 1-0

[Event "Wch Juvenil 2013 sub-14"]
[Site "Al-Ain UAE"]
[Date "2013.12.27"]
[Round "10.73"]
[White "Anagnostakis, Charalampos"]
[Black "Jamar, Vadim"]
[Result "0-1"]
[WhiteElo "1542"]
[BlackElo "1803"]
[PlyCount "64"]
[EventDate "2013.12.19"]
[EventType "swiss"]
[EventRounds "11"]
[EventCountry "UAE"]
[Source "lmi"]
[SourceDate "2013.12.19"]

1. c4 e5 2. Nc3 Nf6 3. Nf3 Nc6 4. d3 Bc5 5. g3 d6 6. Bg2 O-O 7. O-O h6 8. a3 a6
9. b4 Ba7 10. Rb1 Ne7 11. Bb2 Be6 12. Ba1 Qd7 13. a4 Bh3 14. b5 a5 15. Qc2 Bxg2
16. Kxg2 Nh5 17. Na2 f5 18. c5 Rac8 19. Qb3+ Kh8 20. b6 cxb6 21. cxb6 Bb8 22.
Rfc1 f4 23. Rxc8 Qxc8 24. Rc1 Qd7 25. Bc3 fxg3 26. hxg3 Ng6 27. Bxa5 Qg4 28.
Bd2 Rxf3 29. exf3 Nh4+ 30. Kf1 Nxg3+ 31. Ke1 Nxf3+ 32. Kd1 Nd4+ 0-1

[Event "Wch Juvenil 2013 sub-14"]
[Site "Al-Ain UAE"]
[Date "2013.12.27"]
[Round "10.74"]
[White "Valkama, Arvo"]
[Black "Ali, Abdulaziz"]
[Result "1-0"]
[WhiteElo "1481"]
[BlackElo "1739"]
[PlyCount "131"]
[EventDate "2013.12.19"]
[EventType "swiss"]
[EventRounds "11"]
[EventCountry "UAE"]
[Source "lmi"]
[SourceDate "2013.12.19"]

1. e4 c5 2. Nf3 Nc6 3. Bb5 e6 4. O-O Nge7 5. Re1 a6 6. Bxc6 Nxc6 7. d4 cxd4 8.
Nxd4 Bc5 9. Nxc6 bxc6 10. Nc3 O-O 11. Be3 Bb4 12. a3 Ba5 13. b4 Bc7 14. Na4 d5
15. exd5 cxd5 16. Nc5 a5 17. c3 Qh4 18. h3 Rd8 19. Bd4 Qf4 20. g3 Qf5 21. Qg4
Qxg4 22. hxg4 Re8 23. f4 f6 24. Nd3 Ba6 25. Nc5 Bc8 26. Nd3 Kf7 27. Kg2 Ba6 28.
Nc5 Bb5 29. a4 Bc4 30. f5 e5 31. Bf2 d4 32. Ne6 Bd6 33. cxd4 axb4 34. dxe5 Bxe5
35. Rxe5 fxe5 36. Nc7 b3 37. Nxe8 Kxe8 38. Be1 Bd5+ 39. Kf2 Rc8 40. Rb1 Rc2+
41. Ke3 b2 42. Kd3 Rc1 43. Rxb2 Rxe1 44. a5 Bf3 45. g5 e4+ 46. Kd4 Rd1+ 47. Ke3
Rd3+ 48. Kf4 Rd8 49. Rb7 Rd7 50. Rb6 Kd8 51. a6 Bg2 52. f6 gxf6 53. gxf6 Ke8
54. Ke3 Ra7 55. Rb8+ Kf7 56. Rb7+ Rxb7 57. axb7 Kxf6 58. b8=Q Bf3 59. Qd6+ Kg7
60. Qe6 Bg2 61. Kf4 h6 62. g4 Bf3 63. g5 hxg5+ 64. Kxg5 e3 65. Qe7+ Kg8 66. Kf6
1-0

[Event "Wch Juvenil 2013 sub-14"]
[Site "Al-Ain UAE"]
[Date "2013.12.27"]
[Round "10.75"]
[White "Lynch, Justin"]
[Black "Hoon, Gideon Jakobus"]
[Result "1/2-1/2"]
[WhiteElo "1725"]
[BlackElo "1569"]
[PlyCount "31"]
[EventDate "2013.12.19"]
[EventType "swiss"]
[EventRounds "11"]
[EventCountry "UAE"]
[Source "lmi"]
[SourceDate "2013.12.19"]

1. d4 d5 2. c4 c6 3. e3 Nf6 4. Nc3 e6 5. Nf3 Nbd7 6. cxd5 exd5 7. Bd3 Bd6 8.
O-O O-O 9. Qc2 Re8 10. Re1 b6 11. Bd2 Bb7 12. e4 dxe4 13. Nxe4 Nxe4 14. Bxe4 h6
15. Rac1 Rc8 16. Bc3 1/2-1/2

[Event "Wch Juvenil 2013 sub-14"]
[Site "Al-Ain UAE"]
[Date "2013.12.27"]
[Round "10.81"]
[White "Rafili, Said Elchin"]
[Black "Ip, Seng Tou"]
[Result "1-0"]
[WhiteElo "1611"]
[BlackElo "1372"]
[PlyCount "57"]
[EventDate "2013.12.19"]
[EventType "swiss"]
[EventRounds "11"]
[EventCountry "UAE"]
[Source "lmi"]
[SourceDate "2013.12.19"]

1. d4 Nf6 2. Nf3 e6 3. c4 b6 4. a3 a5 5. Nc3 Be7 6. e4 d6 7. Be2 O-O 8. O-O Bb7
9. Qc2 d5 10. e5 Ne8 11. cxd5 Bxd5 12. Nxd5 exd5 13. Bd3 h6 14. Be3 Qd7 15.
Rac1 f5 16. Rfe1 Qe6 17. Bb5 f4 18. Bd2 Bd8 19. Qa4 g5 20. Bc6 Ra7 21. Qb5 Nxc6
22. Rxc6 Qf5 23. Qxd5+ Kg7 24. Qxd8 g4 25. Nh4 Qd3 26. Qe7+ Kg8 27. Rg6+ Kh8
28. Qxf8+ Kh7 29. Qg8# 1-0

[Event "Wch Juvenil 2013 sub-14"]
[Site "Al-Ain UAE"]
[Date "2013.12.28"]
[Round "11.1"]
[White "Garcia Herrera, Enrique Ric"]
[Black "Ooi, Zhi Yang"]
[Result "0-1"]
[WhiteElo "1662"]
[BlackElo "1803"]
[PlyCount "86"]
[EventDate "2013.12.19"]
[EventType "swiss"]
[EventRounds "11"]
[EventCountry "UAE"]
[Source "lmi"]
[SourceDate "2013.12.19"]

1. Nf3 c5 2. c4 Nc6 3. g3 g6 4. Bg2 Bg7 5. O-O e6 6. Nc3 Nge7 7. d3 d5 8. Qb3
O-O 9. Rd1 b6 10. cxd5 exd5 11. Bf4 d4 12. Nb5 Be6 13. Qc2 Nd5 14. Ng5 Nxf4 15.
gxf4 Nb4 16. Nxe6 fxe6 17. Qc4 Nd5 18. e3 a6 19. Na3 dxe3 20. fxe3 Bxb2 21. Qe4
Qf6 22. Nc2 Bxa1 23. Rxa1 Rad8 24. Bh3 Rfe8 25. d4 cxd4 26. Nxd4 Nxf4 27. Bf1
Nd5 28. Re1 Nxe3 29. Qxe3 Qxd4 30. Qxd4 Rxd4 31. Bxa6 e5 32. Rb1 Rd6 33. Bc4+
Kg7 34. Rf1 Re7 35. Rb1 e4 36. Kf1 e3 37. Be2 Rf6+ 38. Ke1 Rf2 39. Rxb6 Rxh2
40. Rb2 Rc7 41. Rb1 Rc2 42. Rb7+ Kh6 43. a4 Rhxe2+ 0-1

[Event "Wch Juvenil 2013 sub-14"]
[Site "Al-Ain UAE"]
[Date "2013.12.28"]
[Round "11.1"]
[White "Visakh, Nr"]
[Black "Song, Edward"]
[Result "0-1"]
[WhiteElo "2303"]
[BlackElo "2208"]
[PlyCount "136"]
[EventDate "2013.12.19"]
[EventType "swiss"]
[EventRounds "11"]
[EventCountry "UAE"]
[Source "lmi"]
[SourceDate "2013.12.19"]

1. d4 d5 2. c4 c6 3. Nc3 Nf6 4. Nf3 e6 5. e3 Nbd7 6. Bd3 dxc4 7. Bxc4 b5 8. Bd3
Bd6 9. Qc2 Bb7 10. a4 b4 11. Ne4 Nxe4 12. Bxe4 Rc8 13. Nd2 Nf6 14. Bf3 O-O 15.
Nb3 a5 16. O-O Nd7 17. Rd1 Qc7 18. g3 Ba6 19. Be4 h6 20. Bd3 Bb7 21. Nc5 Nxc5
22. dxc5 Be5 23. e4 Bd4 24. Re1 Qe5 25. Be3 Bxb2 26. Rab1 Bc3 27. Red1 Qc7 28.
Bf4 e5 29. Be3 Rcd8 30. Qe2 Bc8 31. Bc4 Qe7 32. Qa2 Bg4 33. Be2 Be6 34. Bc4
Bxc4 35. Qxc4 Rxd1+ 36. Rxd1 Rd8 37. Rb1 Bd4 38. Re1 Bxe3 39. Rxe3 Rd4 40. Qa6
Qc7 41. Kg2 Rd8 42. h4 Rb8 43. Rb3 Rb7 44. h5 Ra7 45. Qc4 Qb8 46. Qe2 Kh7 47.
Qg4 Rb7 48. Qf3 Qe8 49. Rd3 Kg8 50. Qd1 Rb8 51. Kh2 Qe7 52. Qc2 Rd8 53. Kg2 Kh7
54. Rf3 f6 55. Qc4 Qe8 56. g4 Qd7 57. Rg3 Qd4 58. Qc2 Qd2 59. Qc4 Qf4 60. f3
Qd2+ 61. Kh3 Qd1 62. Kh4 Qh1+ 63. Rh3 Qe1+ 64. Rg3 Rd2 65. g5 Rg2 66. g6+ Kh8
67. Kg4 Qxg3+ 68. Kf5 Qh3# 0-1

[Event "Wch Juvenil 2013 sub-14"]
[Site "Al-Ain UAE"]
[Date "2013.12.28"]
[Round "11.2"]
[White "Mohamed, Marshool"]
[Black "Gvenetadze, Davit"]
[Result "1-0"]
[WhiteElo "1557"]
[BlackElo "1801"]
[PlyCount "104"]
[EventDate "2013.12.19"]
[EventType "swiss"]
[EventRounds "11"]
[EventCountry "UAE"]
[Source "lmi"]
[SourceDate "2013.12.19"]

1. e4 c5 2. Nf3 d6 3. d4 cxd4 4. Nxd4 Nf6 5. Nc3 g6 6. Be3 Bg7 7. Be2 O-O 8.
Qd2 Nc6 9. O-O Ng4 10. Nxc6 bxc6 11. Bf4 e5 12. Bg3 Qc7 13. f3 Nf6 14. Bf2 Rd8
15. Bc4 Bb7 16. Bb3 Qa5 17. Rad1 d5 18. exd5 cxd5 19. Rfe1 d4 20. Ne4 Qxd2 21.
Nxf6+ Bxf6 22. Rxd2 Bd5 23. Bxd5 Rxd5 24. Red1 Bg5 25. Rd3 Rb5 26. Rb3 Ra5 27.
a3 Rd8 28. Bg3 Be7 29. Re1 f6 30. Rb7 Bd6 31. Re2 Rd5 32. Kf1 a5 33. Be1 Rb8
34. Rxb8+ Bxb8 35. Rd2 f5 36. Bg3 Kf7 37. Ke2 Ke6 38. Kd3 Rd7 39. c3 e4+ 40.
fxe4 fxe4+ 41. Kxe4 dxc3 42. Rc2 Bxg3 43. hxg3 cxb2 44. Rxb2 Rc7 45. Rb6+ Kf7
46. Ra6 Rc3 47. Rxa5 Rxg3 48. a4 Rxg2 49. Ra7+ Kg8 50. a5 h5 51. a6 h4 52. Rb7
h3 1-0

[Event "Wch Juvenil 2013 sub-14"]
[Site "Al-Ain UAE"]
[Date "2013.12.28"]
[Round "11.2"]
[White "Tari, Aryan"]
[Black "Martirosyan, Haik M"]
[Result "1-0"]
[WhiteElo "2418"]
[BlackElo "2131"]
[PlyCount "49"]
[EventDate "2013.12.19"]
[EventType "swiss"]
[EventRounds "11"]
[EventCountry "UAE"]
[Source "lmi"]
[SourceDate "2013.12.19"]

1. e4 c6 2. d4 d5 3. e5 Bf5 4. h4 h6 5. g4 Bd7 6. Be3 e6 7. Nc3 Qc7 8. Qd2 h5
9. gxh5 Nh6 10. Bh3 c5 11. dxc5 Bxc5 12. Bxc5 Qxc5 13. O-O-O Qe7 14. Nf3 Nc6
15. Rhg1 Kf8 16. Rg3 d4 17. Ne2 Nf5 18. Bxf5 exf5 19. Rdg1 Nxe5 20. Nxe5 Qxe5
21. Qb4+ Qe7 22. Qxd4 Qxe2 23. Re3 Qxe3+ 24. fxe3 Be6 25. h6 1-0

[Event "Wch Juvenil 2013 sub-14"]
[Site "Al-Ain UAE"]
[Date "2013.12.28"]
[Round "11.3"]
[White "Maghsoodloo, Parham"]
[Black "Lorparizangeneh, Shahin"]
[Result "1-0"]
[WhiteElo "2199"]
[BlackElo "2270"]
[PlyCount "67"]
[EventDate "2013.12.19"]
[EventType "swiss"]
[EventRounds "11"]
[EventCountry "UAE"]
[Source "lmi"]
[SourceDate "2013.12.19"]

1. Nf3 Nf6 2. g3 d5 3. Bg2 c6 4. O-O Bf5 5. d3 h6 6. Nbd2 e6 7. b3 Be7 8. Bb2
O-O 9. a3 a5 10. Qe1 Bh7 11. e4 c5 12. a4 Nc6 13. Ne5 Nd4 14. Rc1 Qb6 15. Kh1
Rfe8 16. f4 Qc7 17. h3 Rad8 18. g4 Nd7 19. Nxd7 Qxd7 20. Qf2 Qc7 21. h4 Rf8 22.
g5 hxg5 23. hxg5 f6 24. Bxd4 cxd4 25. Bh3 Qc6 26. Qg3 fxg5 27. fxg5 Rxf1+ 28.
Rxf1 Qxc2 29. Nf3 Qxd3 30. g6 dxe4 31. Bxe6+ Kh8 32. Qh3 Bh4 33. Qxh4 Qxf1+ 34.
Ng1 1-0

[Event "Wch Juvenil 2013 sub-14"]
[Site "Al-Ain UAE"]
[Date "2013.12.28"]
[Round "11.4"]
[White "Zajic, Milan"]
[Black "Gledura, Benjamin"]
[Result "1-0"]
[WhiteElo "2340"]
[BlackElo "2399"]
[PlyCount "79"]
[EventDate "2013.12.19"]
[EventType "swiss"]
[EventRounds "11"]
[EventCountry "UAE"]
[Source "lmi"]
[SourceDate "2013.12.19"]

1. e4 c5 2. Nf3 Nc6 3. d4 cxd4 4. Nxd4 Qb6 5. Nb3 Nf6 6. Nc3 e6 7. Qe2 Bb4 8.
Bd2 O-O 9. a3 Bxc3 10. Bxc3 e5 11. O-O-O Qc7 12. g4 d6 13. g5 Nd7 14. Qe3 Nb6
15. f4 Bg4 16. Rd2 Be6 17. f5 Nc4 18. Bxc4 Bxc4 19. Kb1 b5 20. Nc1 a5 21. b3 b4
22. axb4 axb4 23. Bb2 Bb5 24. Rhd1 Rfd8 25. h4 Ra5 26. h5 Rda8 27. Rxd6 Qb7 28.
c4 bxc3 29. Qxc3 Rc8 30. g6 hxg6 31. hxg6 fxg6 32. fxg6 Ra7 33. Qh3 Nd4 34.
R6xd4 exd4 35. Qe6+ Kf8 36. Rd2 Rxc1+ 37. Bxc1 Qe7 38. Rf2+ Ke8 39. Qc8+ Qd8
40. Rf8+ 1-0

[Event "Wch Juvenil 2013 sub-14"]
[Site "Al-Ain UAE"]
[Date "2013.12.28"]
[Round "11.5"]
[White "Rambaldi, Francesco"]
[Black "Dai, Changren"]
[Result "0-1"]
[WhiteElo "2385"]
[BlackElo "2216"]
[PlyCount "96"]
[EventDate "2013.12.19"]
[EventType "swiss"]
[EventRounds "11"]
[EventCountry "UAE"]
[Source "lmi"]
[SourceDate "2013.12.19"]

1. d4 Nf6 2. c4 g6 3. g3 Bg7 4. Bg2 O-O 5. Nc3 d6 6. Nf3 Nc6 7. O-O a6 8. Qd3
e5 9. dxe5 dxe5 10. Qxd8 Rxd8 11. Bg5 Be6 12. Nd2 h6 13. Bxf6 Bxf6 14. Rfd1
Rac8 15. Nd5 Bg7 16. Ne4 Bf8 17. Nec3 Nb8 18. b3 Nd7 19. Ne3 c6 20. Rd3 f5 21.
Rad1 e4 22. Nxe4 fxe4 23. Bxe4 Kf7 24. f4 Bc5 25. Kg2 Bxe3 26. Rxe3 Nc5 27. Bd3
Re8 28. Kf2 Bg4 29. Rd2 a5 30. Rxe8 Rxe8 31. Bc2 h5 32. e3 Bf5 33. Kf3 Ne4 34.
Bxe4 Bxe4+ 35. Kf2 Ke7 36. Rd4 Bb1 37. Rd2 Rd8 38. Rb2 Be4 39. h3 Bf5 40. g4
hxg4 41. hxg4 Bxg4 42. Kg3 Bf5 43. Rh2 Kd6 44. Kf3 Kc5 45. Rh7 Rd7 46. Rh8 Re7
47. Ra8 Kb4 48. Ra7 Bb1 0-1